Internet Domains Of Europe - Statistics

General Stats
  • This quiz has been taken 61 times
  • The average score is 34 of 45
Answers on the Map
Answers color-coded by a green-red scale on the quiz's map according to % correct below.
 
Answer Stats
Answer % Correct
Fr
94%
Uk
94%
It
91%
De
89%
Gr
89%
Nl
89%
Pt
89%
At
86%
Es
86%
Is
86%
Ru
86%
Be
83%
Cz
83%
Fi
83%
Ie
83%
Lu
83%
No
83%
Pl
83%
Va
83%
Ad
80%
Bg
80%
Ee
80%
Hu
80%
Sk
80%
Ua
80%
Mc
77%
Mt
77%
Ro
77%
Se
77%
Sm
77%
Al
74%
Kosovo
74%
Md
74%
Li
71%
Dk
69%
Hr
66%
Ba
63%
Ch
63%
Si
63%
By
57%
Lv
57%
Lt
54%
Rs
49%
Mk
40%
Me
31%
No matching quizzes found
Score Distribution
Percent of People with Each Score
Percentile by Number Answered
Your Score History
You have not taken this quiz